000 00676nam a2200169 4500
005 20260410213308.0
008 -
020 _aISBN 978-1-879128-53-8
040 _aBiblioteca LadoV Teorética
_cBiblioteca LadoV Teorética
082 0 4 _a700.413.553
_bA512t
100 1 _aAmericas Society Exhibitions
245 1 0 _aTrópico es político :
_barte caribeño bajo el régimen de la economía del visitante /
_cpor Americans Society Exhibitions
260 1 _aEstados Unidos :
_bAmericans Society Exhibitions & Museo de Arte Contemporáneo de Puerto Rico,
_c2022
300 _a103 páginas :
_bfotografías a color ;
_c18.4 x 11.4 cm.
650 4 _aARTE CARIBEÑO
942 _2ddc
_c1
_n0
999 _c4632
_d4632